Plant science research in India : challenges and prospects

Bibliographic Details
Main Author: Kumar, S
Format: Book
Published: New Delhi : ABD Publishers , 2008
Subjects:

MARC

LEADER 00000cam a2200000 7i4500
001 0000040788
005 20140518.0
008 140518
020 |a 8183761611 
090 0 0 |a 580.7   |b KUM 
100 1 |a Kumar, S 
245 1 0 |a Plant science research in India :   |b challenges and prospects   |c S. Kumar 
260 |a New Delhi :   |b ABD Publishers ,   |c 2008 
650 0 |a Plant conservation 
650 0 |a Plant physiology 
650 0 |a Plants 
999 |a 0001292290   |b Book   |c REFERENCE   |e Perbadanan Perpustakaan Awam Johor